<?xml version="1.0" encoding="UTF-8"?>
<record
    xmlns:xsi="http://www.w3.org/2001/XMLSchema-instance"
    xsi:schemaLocation="http://www.loc.gov/MARC21/slim http://www.loc.gov/standards/marcxml/schema/MARC21slim.xsd"
    xmlns="http://www.loc.gov/MARC21/slim">

  <leader>01164nab a2200217 i 4500</leader>
  <controlfield tag="001">BPP</controlfield>
  <controlfield tag="003">BPK</controlfield>
  <controlfield tag="005">20160412095747.0</controlfield>
  <controlfield tag="008">140513s2005    pl     f     |000 0 pol</controlfield>
  <datafield tag="040" ind1=" " ind2=" ">
    <subfield code="c">BPK</subfield>
  </datafield>
  <datafield tag="080" ind1=" " ind2=" ">
    <subfield code="a">633.49:632.3/.4</subfield>
  </datafield>
  <datafield tag="100" ind1=" " ind2=" ">
    <subfield code="a">KAPSA, J&#xF3;zefa.</subfield>
    <subfield code="d">2004 - 2007.</subfield>
    <subfield code="b">Politechnika Koszali&#x144;ska - Wydzia&#x142; Mechaniczny,</subfield>
    <subfield code="c">Katedra Chemii i Agrochemii</subfield>
  </datafield>
  <datafield tag="245" ind1=" " ind2=" ">
    <subfield code="a">Choroby przechowalnicze ziemniaka /</subfield>
    <subfield code="c">J&#xF3;zefa Kapsa, Patrycja Cieluch.</subfield>
  </datafield>
  <datafield tag="260" ind1=" " ind2=" ">
    <subfield code="c">2005.</subfield>
  </datafield>
  <datafield tag="500" ind1=" " ind2=" ">
    <subfield code="a">Dane z autopsji.</subfield>
  </datafield>
  <datafield tag="520" ind1=" " ind2=" ">
    <subfield code="a">W warunkach Polski najwi&#x119;ksze znaczenie maj&#x105; choroby bulw, kt&#xF3;re s&#x105; &#x15B;ci&#x15B;le zwi&#x105;zane z sezonem wegetacyjnym - zaraza ziemniaka, sucha zgnilizna, mokra zgnilizna bakteryjna, ospowato&#x15B;&#x107; bulw. Choroby przechowalnicze bulw ziemniaka mo&#x17C;na podzieli&#x107; na: zgnilizny bulw (zaraza ziemniaka, mokra zgnilizna, sucha zgnilizna) oraz choroby sk&#xF3;ry (ospowato&#x15B;&#x107; bulw, parch srebrzysty).</subfield>
  </datafield>
  <datafield tag="650" ind1=" " ind2="0">
    <subfield code="a">Ziemniaki - technologia. </subfield>
  </datafield>
  <datafield tag="700" ind1=" " ind2=" ">
    <subfield code="a">CIELUCH, Patrycja - doktorant.</subfield>
    <subfield code="b">Politechnika Koszali&#x144;ska - Wydzia&#x142; Mechaniczny,</subfield>
    <subfield code="c">Katedra Chemii i Agrochemii</subfield>
  </datafield>
  <datafield tag="773" ind1=" " ind2=" ">
    <subfield code="i">W :</subfield>
    <subfield code="t">Ochrona Ro&#x15B;lin. -</subfield>
    <subfield code="g">2005, R. 50, nr 8, s. 20-23</subfield>
  </datafield>
  <datafield tag="942" ind1=" " ind2=" ">
    <subfield code="c">ART</subfield>
    <subfield code="2">UKD</subfield>
  </datafield>
  <datafield tag="999" ind1=" " ind2=" ">
    <subfield code="c">6211</subfield>
    <subfield code="d">6211</subfield>
  </datafield>
  <datafield tag="952" ind1=" " ind2=" ">
    <subfield code="0">0</subfield>
    <subfield code="1">0</subfield>
    <subfield code="4">0</subfield>
    <subfield code="7">0</subfield>
    <subfield code="a">BPK</subfield>
    <subfield code="b">BPK</subfield>
    <subfield code="o">01115</subfield>
    <subfield code="y">ART</subfield>
  </datafield>
</record>
